| 000 | 00964nam a22001697a 4500 | ||
|---|---|---|---|
| 003 | SGT | ||
| 020 | _a9788121903967 | ||
| 082 | _a657,SHU | ||
| 100 | _aSHUKLA,M.C | ||
| 245 | _aADVANCED ACCOUNTS | ||
| 250 | _a2ND | ||
| 260 |
_aNEW DELHI _bS.CHNAD _c2015 |
||
| 300 | _aV.P. | ||
| 650 | _aACCOUNTING | ||
| 653 | _aFUNDAMENTAL PRINCIPLES OF ACCOUNTING L INTRODUCTION AND DEFINITION L FINAL ACCOUNTS L BILLS OF EXCHANGE AND PROMISSORY L CONSIGNMENTS, JOINT VENTURES, ACCOUNT CURRENT, AVERAGE DUE DATE, ETC. L SELF-BALANCING LEDGERS L DEPRECIATION, RESERVES AND PROVISIONS MEANING L RECEIPTS AND PAYMENTS ACCOUNT, INCOME AND EXPENDITURE ACCOUNT AND BALANCE SHEET L SINGLE ENTRY OR ACCOUNTS FROM INCOMPLETE RECORDS L PARTNERSHIP ACCOUNTS (I) L PARTNERSHIP ACCOUNTS (II) DISSOLUTION L BRANCH AND DEPARTMENTAL ACCOUNTS L HIRE-PURCHASE, INSTALLMENTS AND LEASE L INSURANCE CLAIMS L INSOLVENCY ACCOUNTS L ROYALTIES L CONTRACT ACCOUNTS L MISCELLANEOUS | ||
| 942 |
_2ddc _cFCM |
||
| 999 |
_c9253 _d9253 |
||